000 00913nam a22002657a 4500
005 20170123162333.0
010 _aB-100311
020 _c150.00
035 _aB-100311
037 _bCen Lib/Ret
040 _aDPL
_bUR
082 _aک
_bع ب د
100 _aعبدل عزیز خان
_9122630
245 _aمونا لیزا کی مسکراہٹ :
_cعبدل عزیز خان
_bکہانیاں /
246 _aMona Lisa Ki Muskurahut : kahaniyan /
_bby Abdul Aziz Khan
260 _aممبئی
_bخان پبلیکیشنز
_c2003
270 _aامن بیلدنگس ای. ر. ڈی روڈ
_bممبئی
_e400003
300 _a171p.
_c21cm(Hb)
650 _a ادب - ہندی
_9122631
650 _a ہندی کہانیاں
_9122632
650 _aLiterature -- Hindi
_983958
650 _aHindi stories
_9122633
700 _aمتل، پریم گوپال
_9534
942 _2ddc
_cUR
_hک
_mع ب د
999 _c107928
_d107928